[Event "Negombo op 3rd"]
[Site "Negambo"]
[Date "2017.08.23"]
[Round "8"]
[White "Dabarera, GWDM"]
[Black "Martinus, Hettiarachchige Don"]
[Result "1-0"]
[WhiteElo "1730"]
[BlackElo "1275"]
[PlyCount "93"]
[EventDate "2017.08.20"]
[EventType "swiss"]
[EventRounds "10"]
[EventCountry "SRI"]
[SourceTitle "CBM 180 Extra"]
[Source "ChessBase"]
[SourceDate "2017.10.06"]
[SourceVersion "1"]
[SourceVersionDate "2017.10.06"]
[SourceQuality "1"]

1. e4 e5 2. Nc3 Nf6 3. f4 d6 4. Nf3 Nc6 5. Bb5 Bd7 6. d3 a6 7. Bxc6 Bxc6 8. fxe5 dxe5 9. Nxe5 Qd4 10. Nxc6 bxc6 11. Qf3 Bc5 12. Ne2 Qd7 13. c3 0-0 14. d4 Rad8 15. Bg5 Be7 16. Bxf6 Bxf6 17. 0-0 g6 18. Qxf6 Rb8 19. b3 a5 20. Rf3 c5 21. Nf4 Qd6 22. Nh5 Qxf6 23. Nxf6+ Kg7 24. Nd7 Rfd8 25. Nxb8 Rxb8 26. Raf1 cxd4 27. Rxf7+ Kh6 28. cxd4 Rb4 29. Rd7 c6 30. Rff7 a4 31. Rxh7+ Kg5 32. h4+ Kg4 33. Kh2 axb3 34. axb3 Rxb3 35. Rhg7 Kh5 36. Rg8 Re3 37. Rh7+ Kg4 38. Rxg6+ Kf4 39. Rf6+ Kxe4 40. Re7+ Kxd4 41. Rxe3 Kxe3 42. Rxc6 Kf4 43. h5 Ke5 44. h6 Kd5 45. Rg6 Ke4 46. h7 Ke3 47. h8Q 1-0